| 000 | 02423cam a22004214i 4500 | ||
|---|---|---|---|
| 003 | PE-LiUPU | ||
| 005 | 20250731173253.0 | ||
| 008 | 150625s r 000 0 d | ||
| 035 | _a(Sirsi) a35632 | ||
| 040 |
_aPE-LiUPU _bspa _cPE-LiUPU _erda |
||
| 082 | 0 | 4 |
_a232.9 _bM26 _221 |
| 100 | 1 |
_aMartínez, Jose Julio, _eautor. |
|
| 245 | 1 | 3 |
_aEl drama de Jesus : _bDrama Vivido en Corazon del Hijo Primogénito / _cJose Julio Martínez. |
| 264 | 1 |
_aEspaña : _bBolsillo Mensajero, _c1987. |
|
| 300 |
_a480 páginas : _bil, graficos. ; _c18 cm. |
||
| 336 |
_atext _2rdacontent |
||
| 337 |
_aunmediated _2rdamedia |
||
| 338 |
_avolume _2rdacarrier |
||
| 505 | 0 | _aEntrada. -El mundo le esperaba. -Nace el precursor. -Los magos de oriente. -El carpintero. -Acto primero, El encuentro. -Mi hjo muy amado. -Tentación y victoria. -Confidencias nocturnas. -Aparece el enemigo. -Todo el drama de Jesus. -Acto segundo, Levanta su bandera. -Elige sus embajadores. -Médico de las almas. -Acto tercero, Frente a frente. -Mi madre y mis hermanos. -Ha llegado el reino. -La gran promesa. -Todo lo hizo bien. -Acto cuarto, Hacia un triunfo eterno. -Roca inconmovible. -Si puedes algo, ayudame. -Venid todos a mi. -El padre nuestro. -Todos morireis lo mismo. -No vivais angustiados. -Quien pueda entender entienda. -Acto Quinto, Sera entregado. -Para gloria del hijo de Dios. -La gratitud del extranjero. -Dios y la mitad de los pobres. -Semana Santa. -Bendito el rey que viene. -Las parabolas de la reprobación. -Mas que la honra de Dios. -Ni piedra sobre piedra. -Vosotros sois mis amigos, el mundo los odiara. -La caida de Pedro. -Atado y azotado. -Coronamiento. -Estoy con vosotros. -El primer aleluya. -No temais. -La paz con vosotros. -Cerca del mar. | |
| 526 | _aSEG42 | ||
| 526 | _aSEG41 | ||
| 526 | _aSEG40 | ||
| 526 | _aSEG39 | ||
| 526 | _aP94 | ||
| 526 | _aP87 | ||
| 526 | _aP86 | ||
| 526 | _aP85 | ||
| 526 | _aP77 | ||
| 526 | _aP76 | ||
| 526 | _aP35 | ||
| 600 | 1 | _aJesucristo | |
| 910 | _a | ||
| 942 |
_2ddc _cBOOK |
||
| 949 |
_a232.9 M26 _wDEWEY _c1 _i39096 _lCCODEBUL1 _mBUL _p00.00 _r0 _sY _tBOOK _u2015-06-25 _xBIBLIOTECA _zUNKNOWN _0COMPRA _o.STAFF. Colección General |
||
| 596 | _a1 | ||
| 999 |
_a232.9 M26 _wDEWEY _c43618 _i39096 _d43618 _f2021-11-11 _g5 _lCCODEBUL1 _mBUL _q2 _r0 _sY _tBOOK _u2015-6-25 _xTEOLOGIA _zUNKNOWN _0COMPRA _o.STAFF. Colección General |
||
| 980 |
_81 _gALBERTO SANCHEZ Responsable de Automatización |
||